|
|
|
|
| LEADER |
00000nab a2200000 a 4500 |
| 001 |
vtls010208527 |
| 003 |
SK-MaSNL |
| 005 |
20260305032753.0 |
| 008 |
110203c201012 xo r p 000 00slo |
| 015 |
|
|
|a SNBRB2011/02SVKPO
|
| 038 |
|
|
|a SVKPOCL
|
| 040 |
|
|
|a SVKPOCL
|b slo
|c SVKPOCL
|e AACR2
|
| 041 |
|
|
|a slo
|
| 044 |
|
|
|a xo
|c SK
|
| 080 |
|
|
|a 636.7
|2 2001
|
| 100 |
1 |
|
|a Feranová, Jana
|4 aut
|9 1612467
|
| 245 |
1 |
0 |
|a Výcvikový víkend v Turčianskych Kľačanoch s KK Dog&Wolf
|c Jana Feranová
|
| 300 |
|
|
|a Fotogr.
|
| 611 |
2 |
7 |
|a Výcvikový víkend
|d (2010 :
|c Turčianske Kľačany, Slovensko)
|2 svkpocl
|9 1612468
|
| 648 |
|
7 |
|a 16.-18.10.2010
|2 svkpocl
|9 1612469
|
| 650 |
0 |
7 |
|a výcvik psov
|2 svkpocl
|9 31157
|
| 651 |
|
7 |
|a Turčianske Kľačany (Slovensko)
|2 svkpocl
|9 88308
|
| 651 |
|
7 |
|a Martin (Slovensko : okres)
|2 svkpocl
|9 73088
|
| 773 |
0 |
|
|t Kynologická revue
|g Roč. XXI, č. 12 (2010), s. 36-37
|x 1335-9282
|
| 852 |
|
|
|a SVKPO
|b KIS3GCP
|
| 856 |
4 |
1 |
|u www.dogsk.sk
|
| 958 |
|
|
|a NB
|
| 958 |
|
|
|a SK
|
| 999 |
|
|
|c 3321521
|d 3323451
|